|
|
|
|
| LEADER |
00000nab a2200000 i 4500 |
| 001 |
publ411 |
| 005 |
20150218084222.0 |
| 008 |
150218s2001 hu o 000 zxx d |
| 040 |
|
|
|a BGE Publikációtár Repozitórium
|b hun
|
| 100 |
1 |
|
|a Ferkelt Balázs
|
| 245 |
1 |
0 |
|a Egy történelmi vállalkozás, az euró első évei
|c Ferkelt Balázs
|h [elektronikus dokumentum]
|
| 260 |
|
|
|c 2001
|
| 300 |
|
|
|a 31-49
|
| 490 |
0 |
|
|a EU Working Papers
|v No. 3. sz.
|
| 650 |
|
4 |
|a közgazdaságtudományok
|
| 695 |
|
|
|a Gazdasági és monetáris unió
|
| 695 |
|
|
|a Euró
|
| 856 |
4 |
0 |
|u https://publikaciotar.uni-bge.hu/id/eprint/411/1/ewp_0103_03.pdf
|z Dokumentum-elérés
|